1263 1266 1409 1794 1387 1181 1319 1705 1496 1166 1439 1603 1868 1334 1689 1541 1575 1864 1898 1837 1880 1766 1041 1600 1185 1048 1476 1959 1156 1238 1951 1796 1586 1510 1317 1770 1364 1395 1005 1943 1762 1816 1643 1581 1068 1644 1598 1545 1099 1668 1400 1612 1973 1170 1003 1169 1103 1002 1759 1546 1402 1846 1630 1183 1445 1144 1288 1609 1765 1239 1892 1533 1392 1743 1118 1979 1479 1520 1215 1838 1554 1505 1739 1103 1894 1271 1750 1781 1340 1294 1812 1980 1097 1400 1202 1974 1220 1599 1593 BCNSPRNW ULIB Ver.6.0+V

เปลี่ยนเป็นภาษาไทย

Change to English
 แสดงรายละเอียดบรรณานุกรม
  กลับหน้าหลัก

Brief Record : Get Marc (ISO 2709) : E-mail record : QR code < ปิดหน้าต่าง
LEADER : 00000nam 2200000uu 4500
001    13399112996
003     ULIB
008    110921s2550||||th 000 0 tha d
050  4 P306^bส551ห 2550
100 0  สัญฉวี สายบัว
245 10 หลักการแปล /^cสัญฉวี สายบัว
250    พิมพ์ครั้งที่ 8
260    กรุงเทพฯ :^bสำนักพิมพ์มหาวิทยาลัยธรรมศาสตร์,^c2550
300    113 หน้า :^bภาพประกอบ ;^c26 ซม.
650  4 การแปลและการตีความ
945    ^p160^l0^i027103
945    ^p160^l0^i027104
995    ทศพร
999 ^a ทศพร
รายการนี้ยังไม่มีแท็ก
คุณยังไม่ได้ล็อกอิน คุณสามารถมีกิจกรรมร่วมกับเว็บไซต์ได้ แต่ต้องล็อกอินก่อน ::
  ล็อกอิน

รายการสื่อสารสนเทศ

ลำดับที่ ประเภท เลขเรียก/บาร์โค้ด สถานที่ สถานะ
- ไม่พบข้อมูล -

รายการใกล้เคียง
    ผู้แต่ง [สัญฉวี สายบัว]

    หัวเรื่อง [การแปลและการตีความ]

BibComment


ยังไม่เคยถูกคอมเมนท์

คอมเมนท์ทรัพยากรรายการนี้
  คอมเมนท์: หลักการแปล สัญฉว..


 Copyright 2026. Bcnsprnw @Library